000 00564nam a2200205Ia 4500
003 GCL
008 140319s9999 xx 000 0 ara d
040 _aGCL /
_cGCL
082 0 4 _a933.2
_bا ا
100 1 _aاولبريت , وليم
245 1 0 _aاثار فلسطين /
_cاولبريت , وليم
700 1 _aزكى اسكندر
700 1 _aسعاد ماهر
700 1 _aمحمد عبدالقادر محمد
300 _a260 ص
490 _a
650 0 4 _aالعصر البرونزى
650 0 4 _aفلسطين - تاريخ
942 _2ddc
_cBK
999 _c44799
_d44799